00746pam a2200229 a 4500001000800000005001700008008004100025010001700066020001500083040002300098050002100121060002100142245011800163250001200281260004800293300004700341504005100388650001500439650001500454700002700469700002000496441443220161118112754.0930305s1994 paua b 001 0 eng c a 93015103  a0397510470 aDNLM/DLCcDLCdDLC00aRB25 b.P38 1994 aQZ 4 P29854 199400aPathology /cedited by Emauel Rubin, John L. Farber ; with 39 contributors ; illustrations by Dimitri Karetnikov. a2nd ed. aPhiladephia :bJ.B. Lippincott Co.,cc1994. axiv, 1578 p. :bill. (some col.) ;c29 cm. aIncludes bibliographical references and index. 0aPathology. 2aPathology.1 aRubin, Emanuel,d1928-1 aFarber, John L.